[Event "Chigorin Memorial"]
[Site "St Petersburg"]
[Date "2016.10.20"]
[Round "6.166"]
[White "Maksimovich, Sergey"]
[Black "Smorodkin, Kirill"]
[Result "1/2-1/2"]
[WhiteElo "1797"]
[BlackElo "1627"]
[PlyCount "120"]
[EventDate "2016.10.15"]
[EventType "swiss"]
[EventRounds "9"]
[EventCountry "RUS"]

1. b3 Nf6 2. Bb2 g6 3. f4 Bg7 4. Nf3 O-O 5. d3 d5 6. e3 Nc6 7. Bxf6 exf6 8. d4
Re8 9. Kf2 Qe7 10. Qd2 Bf5 11. Bd3 Qd7 12. Bxf5 Qxf5 13. h3 Re7 14. g4 Qe6 15.
c4 Rae8 16. cxd5 Qxd5 17. Nc3 Qa5 18. Rhe1 Bh6 19. a3 Rd7 20. b4 Qb6 21. Na4
Qb5 22. Nc3 Qc4 23. Qc2 Ne7 24. Nd2 Qe6 25. Qa4 Nd5 26. Nxd5 Qxd5 27. Qb3 Qd6
28. Nc4 Qd5 29. Nd2 Qd6 30. Nf3 Rde7 31. Rac1 c6 32. Rc5 Re6 33. a4 Qe7 34. b5
Bxf4 35. exf4 Rxe1 36. Ne5 fxe5 37. Kxe1 exd4+ 38. Re5 Qd7 39. bxc6 Rxe5+ 40.
fxe5 Qxc6 41. Kd2 Qg2+ 42. Kc1 Qg1+ 43. Kb2 Qg2+ 44. Ka3 Qc6 45. Qb4 Qc3+ 46.
Qxc3 dxc3 47. Kb3 Kf8 48. Kxc3 Ke7 49. Kd4 Ke6 50. a5 b6 51. a6 f6 52. exf6
Kxf6 53. Kd5 b5 54. Kc5 Ke6 55. Kxb5 Kd6 56. g5 Kd5 57. h4 Kd6 58. Kc4 Kc6 59.
Kd4 Kd6 60. Ke4 Ke6 1/2-1/2

[Event "Chigorin Memorial"]
[Site "St Petersburg"]
[Date "2016.10.20"]
[Round "6.167"]
[White "Akhmetshin, Aydar"]
[Black "Seregina, Maria"]
[Result "1-0"]
[WhiteElo "1517"]
[BlackElo "1797"]
[PlyCount "79"]
[EventDate "2016.10.15"]
[EventType "swiss"]
[EventRounds "9"]
[EventCountry "RUS"]

1. e4 c6 2. d4 d5 3. Nc3 dxe4 4. Nxe4 Bf5 5. Ng3 Bg6 6. Nf3 Nd7 7. Bc4 e6 8.
O-O Ne7 9. Re1 Nd5 10. c3 Be7 11. a4 O-O 12. a5 Re8 13. Be3 Bd6 14. Qd2 Nxe3
15. Qxe3 Nf6 16. Ne5 Nd5 17. Qd2 Ne7 18. Nxg6 Nxg6 19. Ne4 Bc7 20. b4 a6 21.
Nc5 Rb8 22. Re4 Qd6 23. g3 Kh8 24. Rae1 Red8 25. Qg5 h6 26. Qh5 Re8 27. Nxe6
Re7 28. Nxc7 Rxe4 29. Rxe4 Qxc7 30. Qf5 Rf8 31. Bd3 Qd6 32. Rf4 Qe7 33. h4 Qe1+
34. Kh2 Qxc3 35. h5 Qxb4 36. hxg6 f6 37. Re4 Qd6 38. Re6 Qxd4 39. Re7 Qb4 40.
Rxg7 1-0

[Event "Chigorin Memorial"]
[Site "St Petersburg"]
[Date "2016.10.20"]
[Round "6.168"]
[White "Golikov, Sergei"]
[Black "Kozyakov, Andrey"]
[Result "1/2-1/2"]
[WhiteElo "1789"]
[BlackElo "1620"]
[PlyCount "81"]
[EventDate "2016.10.15"]
[EventType "swiss"]
[EventRounds "9"]
[EventCountry "RUS"]

1. c4 Nf6 2. Nc3 g6 3. g3 Bg7 4. Bg2 d6 5. e4 e5 6. Nge2 Nc6 7. O-O O-O 8. d3
Bg4 9. h3 Bxe2 10. Nxe2 Nd7 11. f4 exf4 12. gxf4 Nd4 13. Rb1 c6 14. Kh1 f5 15.
Nxd4 Bxd4 16. b4 Nb6 17. Qb3 Kg7 18. Bb2 Qf6 19. c5 Bxb2 20. Qxb2 Qxb2 21. Rxb2
Na4 22. Rc2 dxc5 23. bxc5 Rad8 24. Rb1 b5 25. cxb6 Nxb6 26. Rxc6 Rxd3 27. Rc7+
Rf7 28. Rxf7+ Kxf7 29. exf5 gxf5 30. Rc1 Ra3 31. Rc2 Ra4 32. Kh2 Rd4 33. Kg3
Ke6 34. Re2+ Kf6 35. Rc2 Ke6 36. Re2+ Kf6 37. Rc2 Ke6 38. Rc6+ Rd6 39. Rc7 Rd7
40. Rc6+ Rd6 41. Rc7 1/2-1/2

[Event "Chigorin Memorial"]
[Site "St Petersburg"]
[Date "2016.10.20"]
[Round "6.169"]
[White "Levi, Netanel"]
[Black "Koliadintcev, Igor"]
[Result "1-0"]
[WhiteElo "1789"]
[BlackElo "1614"]
[PlyCount "71"]
[EventDate "2016.10.15"]
[EventType "swiss"]
[EventRounds "9"]
[EventCountry "RUS"]

1. e4 c5 2. Nf3 e6 3. d4 cxd4 4. Nxd4 Nc6 5. Nc3 Nf6 6. Ndb5 d6 7. Bf4 e5 8.
Bg5 a6 9. Na3 Be6 10. Nc4 b5 11. Ne3 Be7 12. Bxf6 gxf6 13. Ncd5 Rc8 14. Be2 Nd4
15. c3 Nxe2 16. Qxe2 Rc5 17. O-O Qd7 18. Rfd1 Bd8 19. Qf3 Bxd5 20. Rxd5 Rxd5
21. Nxd5 Qe6 22. a4 bxa4 23. Rxa4 a5 24. b4 axb4 25. cxb4 f5 26. exf5 Qh6 27.
h3 O-O 28. f6 Re8 29. Ra8 Kh8 30. Qg4 e4 31. Qd7 Rg8 32. Qxd8 Qc1+ 33. Kh2 Qg5
34. Qxg8+ Qxg8 35. Rxg8+ Kxg8 36. b5 1-0

[Event "Chigorin Memorial"]
[Site "St Petersburg"]
[Date "2016.10.20"]
[Round "6.170"]
[White "Babotin, Ivan"]
[Black "Kvachko, Anastasiya"]
[Result "0-1"]
[WhiteElo "1465"]
[BlackElo "1780"]
[PlyCount "80"]
[EventDate "2016.10.15"]
[EventType "swiss"]
[EventRounds "9"]
[EventCountry "RUS"]

1. e4 e6 2. d4 d5 3. e5 c5 4. c3 Qb6 5. Qb3 Nc6 6. Qxb6 axb6 7. Bb5 Bd7 8. Bxc6
Bxc6 9. Nf3 Ne7 10. Nbd2 h5 11. h4 Nf5 12. Nf1 cxd4 13. Nxd4 Nxd4 14. cxd4 Ra4
15. Be3 Bb4+ 16. Nd2 Kd7 17. b3 Ra3 18. O-O Rha8 19. Nf3 Rxa2 20. Rab1 Bb5 21.
Rfd1 Be2 22. Rd2 Bxd2 23. Nxd2 Ra1 24. Kh2 Rxb1 25. Nxb1 Bd1 26. b4 Bc2 27. Nc3
f6 28. Nb5 Ra4 29. Bd2 Bd3 30. Nd6 Ra2 31. Be1 Re2 32. Bc3 Rxf2 33. Kg3 Rc2 34.
Be1 Bf1 35. Bf2 Rb2 36. Nxb7 fxe5 37. dxe5 Rxb4 38. Nd6 Rg4+ 39. Kf3 Bxg2+ 40.
Ke3 Bf1 0-1

[Event "Chigorin Memorial"]
[Site "St Petersburg"]
[Date "2016.10.20"]
[Round "6.171"]
[White "Valov, Vasilii"]
[Black "Ageeva, Vasilisa"]
[Result "0-1"]
[WhiteElo "1779"]
[BlackElo "1556"]
[PlyCount "92"]
[EventDate "2016.10.15"]
[EventType "swiss"]
[EventRounds "9"]
[EventCountry "RUS"]

1. e4 c5 2. Nf3 e6 3. d4 cxd4 4. Nxd4 Nf6 5. Nc3 Nc6 6. Be3 Bb4 7. Bd3 d5 8.
Nxc6 bxc6 9. Bd2 O-O 10. e5 Nd7 11. f4 Qh4+ 12. g3 Qh3 13. Bf1 Qf5 14. h4 Qg6
15. Qf3 Qxc2 16. Bd3 Qxb2 17. Rb1 Qa3 18. Nxd5 Bxd2+ 19. Kd1 Qa4+ 20. Bc2 Qa5
21. Bxh7+ Kh8 22. Qh5 Bxf4 23. gxf4 Nf6 24. exf6 Qxd5+ 25. Qxd5 cxd5 26. fxg7+
Kxg7 27. Bd3 Rh8 28. Ke2 Kf6 29. Ke3 Ke7 30. Kd4 Kd6 31. h5 Rh6 32. Rbg1 Bd7
33. Rg7 Rah8 34. Rxf7 Rxh5 35. Rb1 Rh4 36. Rb7 Bc6 37. Rxa7 e5+ 38. Kc3 Rxf4
39. Rg7 Rf6 40. Rgc7 e4 41. Rxc6+ Kxc6 42. Ra6+ Kc5 43. Rxf6 exd3 44. Kxd3 Ra8
45. Rf5 Rxa2 46. Rxd5+ Kxd5 0-1

[Event "Chigorin Memorial"]
[Site "St Petersburg"]
[Date "2016.10.20"]
[Round "6.172"]
[White "Titievskaya, Elizaveta"]
[Black "Serov, Aleksandr"]
[Result "1/2-1/2"]
[WhiteElo "1774"]
[BlackElo "1505"]
[PlyCount "88"]
[EventDate "2016.10.15"]
[EventType "swiss"]
[EventRounds "9"]
[EventCountry "RUS"]

1. e4 c6 2. d4 d5 3. Nc3 dxe4 4. Nxe4 Bf5 5. Ng3 Bg6 6. N1e2 Nf6 7. Nf4 e5 8.
dxe5 Qa5+ 9. c3 Qxe5+ 10. Qe2 Nbd7 11. Nxg6 hxg6 12. Qxe5+ Nxe5 13. Bf4 Bd6 14.
Bd2 O-O-O 15. h3 Rhe8 16. O-O-O Bc5 17. Be1 Rxd1+ 18. Kxd1 Rd8+ 19. Kc2 Ned7
20. b4 Bd6 21. Bd2 Bxg3 22. fxg3 Ne4 23. Bf4 g5 24. Be3 Nxg3 25. Rg1 Ne5 26.
Bxg5 f6 27. Bf4 Nxf1 28. Rxf1 Nc4 29. h4 Rd5 30. Re1 a5 31. Re7 g5 32. hxg5
fxg5 33. Bc1 a4 34. Rg7 Rf5 35. Rxg5 Rf2+ 36. Kb1 Rf1 37. Kc2 Rf2+ 38. Kb1 Rf1
39. Rg7 Na3+ 40. Kb2 Nc4+ 41. Kb1 Na3+ 42. Kb2 Nc4+ 43. Kb1 Na3+ 44. Kb2 Nc4+
1/2-1/2

[Event "Chigorin Memorial"]
[Site "St Petersburg"]
[Date "2016.10.20"]
[Round "6.173"]
[White "Glazov, Anatoly"]
[Black "Astakhov, Dmitrii"]
[Result "1-0"]
[WhiteElo "1763"]
[BlackElo "1456"]
[PlyCount "69"]
[EventDate "2016.10.15"]
[EventType "swiss"]
[EventRounds "9"]
[EventCountry "RUS"]

1. c4 e5 2. Nc3 g6 3. Nf3 Bg7 4. g3 d6 5. Bg2 Nc6 6. d3 f5 7. Bg5 Nf6 8. Nd5
O-O 9. Qd2 Be6 10. e4 fxe4 11. dxe4 Qd7 12. h4 Nxe4 13. Qe3 Nxg5 14. Qxg5 Rf5
15. Qe3 Bxd5 16. cxd5 Nb4 17. Qb3 a5 18. Bh3 Qf7 19. Bxf5 Qxf5 20. O-O Rf8 21.
Ng5 Bf6 22. Ne6 Rf7 23. a3 Nc2 24. Qxb7 Be7 25. Rac1 Nd4 26. Nxd4 exd4 27. Rxc7
Qe5 28. Qa8+ Rf8 29. Qa7 Rf7 30. Qxa5 d3 31. Qe1 Qf6 32. Qe6 Qxe6 33. dxe6 Rg7
34. Rd1 Bf6 35. Rc8+ 1-0

[Event "Chigorin Memorial"]
[Site "St Petersburg"]
[Date "2016.10.20"]
[Round "6.174"]
[White "Petrov, Maksim"]
[Black "Sokolov, Ilia"]
[Result "0-1"]
[WhiteElo "1367"]
[BlackElo "1762"]
[PlyCount "128"]
[EventDate "2016.10.15"]
[EventType "swiss"]
[EventRounds "9"]
[EventCountry "RUS"]

1. e4 e6 2. d4 d5 3. Nc3 Nf6 4. e5 Nfd7 5. Nce2 c5 6. c3 Nc6 7. Nf3 Qb6 8. a3
a5 9. Nf4 Qc7 10. h4 Be7 11. h5 Rb8 12. h6 g6 13. Bd3 b5 14. Qc2 Nf8 15. Nh3 b4
16. Qd2 bxc3 17. bxc3 cxd4 18. cxd4 Nb4 19. Bb1 Ba6 20. Bb2 Rc8 21. Kd1 Nc6 22.
Bd3 Bxd3 23. Qxd3 Rb8 24. Rb1 Nd7 25. Ke2 O-O 26. Nf4 Rfc8 27. Rh3 a4 28. Rg3
Nf8 29. Ng5 Rb3 30. Bc3 Nxe5 31. dxe5 Rxc3 32. Qxc3 Qxc3 33. Rxc3 Rxc3 34. Nf3
Rxa3 35. Rb7 Bd8 36. Rb8 Bc7 37. Rc8 Rc3 38. Ra8 a3 39. Kd2 Rxf3 40. gxf3 Bxe5
41. Nd3 Bd6 42. f4 f6 43. Ke3 Kf7 44. Ne1 g5 45. fxg5 fxg5 46. Kd4 Kg6 47. Ra6
Be7 48. Ra7 Bf6+ 49. Kd3 Kxh6 50. Rxa3 Kg6 51. Nf3 Kf5 52. Nd4+ Bxd4 53. Kxd4
Ng6 54. Rf3+ Nf4 55. Re3 h5 56. f3 h4 57. Re5+ Kg6 58. Re1 h3 59. Rh1 Kh5 60.
Ke5 Kh4 61. Kf6 d4 62. Ke5 Kg3 63. Rd1 d3 64. Ke4 h2 0-1

[Event "Chigorin Memorial"]
[Site "St Petersburg"]
[Date "2016.10.20"]
[Round "6.175"]
[White "Khochinsky, Andrey"]
[Black "Maltsevskaya, Anna"]
[Result "1-0"]
[WhiteElo "1745"]
[BlackElo "1243"]
[PlyCount "107"]
[EventDate "2016.10.15"]
[EventType "swiss"]
[EventRounds "9"]
[EventCountry "RUS"]

1. d4 d5 2. c4 e6 3. Nc3 c5 4. cxd5 exd5 5. Nf3 Nf6 6. Bg5 Be7 7. e3 c4 8. Be2
Nc6 9. O-O O-O 10. Ne5 Be6 11. f4 Bd6 12. b3 Bb4 13. Na4 Be7 14. f5 Bd7 15.
bxc4 Ne4 16. Bxe7 Qxe7 17. Nxd7 Qxd7 18. Nc5 Qe7 19. cxd5 Nxc5 20. dxc5 Qxe3+
21. Kh1 Nd4 22. Qd3 Qxe2 23. Qxd4 Qb5 24. f6 g5 25. d6 Rfd8 26. Qd5 h6 27. Rab1
Qa6 28. Qxb7 Qxb7 29. Rxb7 Rac8 30. Rb5 a6 31. Ra5 Rc6 32. g3 Kh7 33. Re1 Kg6
34. Re7 Kxf6 35. Ra7 Ke6 36. R7xa6 Rxa6 37. Rxa6 Rc8 38. Ra5 f5 39. a4 Kd7 40.
Kg2 g4 41. Ra7+ Kc6 42. Rc7+ Rxc7 43. dxc7 Kxc7 44. Kf2 Kc6 45. Ke3 Kxc5 46.
Kf4 Kb4 47. Kxf5 Kxa4 48. Kxg4 Kb5 49. Kh5 Kc6 50. Kxh6 Kd7 51. g4 Ke7 52. g5
Kf7 53. g6+ Ke8 54. g7 1-0

[Event "Chigorin Memorial"]
[Site "St Petersburg"]
[Date "2016.10.20"]
[Round "6.176"]
[White "Kurbanov, Sergey"]
[Black "Pankova, Julia"]
[Result "1/2-1/2"]
[WhiteElo "1198"]
[BlackElo "1745"]
[PlyCount "93"]
[EventDate "2016.10.15"]
[EventType "swiss"]
[EventRounds "9"]
[EventCountry "RUS"]

1. e4 c5 2. Nc3 Nc6 3. g3 g6 4. Bg2 Bg7 5. d3 d6 6. f4 e6 7. Be3 Nge7 8. Qd2
O-O 9. Nf3 Rb8 10. a4 b6 11. O-O Nd4 12. Qf2 Nxf3+ 13. Bxf3 Bb7 14. Qd2 d5 15.
exd5 exd5 16. Bf2 Nf5 17. Rfe1 Qd7 18. g4 Nd4 19. Bxd4 Bxd4+ 20. Kg2 Rbe8 21.
Kg3 f5 22. g5 Bg7 23. Qg2 Rd8 24. h4 Rf7 25. h5 d4 26. hxg6 hxg6 27. Bxb7 Qxb7
28. Qxb7 Rxb7 29. Ne2 Rc7 30. b3 Re8 31. Ng1 Rce7 32. Rxe7 Rxe7 33. Nf3 Re2 34.
Rc1 a6 35. Kh3 Kf7 36. Kg3 b5 37. axb5 axb5 38. Ng1 Re3+ 39. Nf3 Re2 40. Ng1
Re3+ 41. Nf3 c4 42. bxc4 bxc4 43. dxc4 Rc3 44. Rd1 Rxc4 45. Rd2 Ke6 46. Re2+
Kf7 47. Rd2 1/2-1/2

[Event "Chigorin Memorial"]
[Site "St Petersburg"]
[Date "2016.10.20"]
[Round "6.179"]
[White "Peev, Kosta"]
[Black "Bulsoev, Alexander"]
[Result "1-0"]
[WhiteElo "2108"]
[BlackElo "1462"]
[PlyCount "107"]
[EventDate "2016.10.15"]
[EventType "swiss"]
[EventRounds "9"]
[EventCountry "RUS"]

1. d4 d5 2. Nf3 Nf6 3. e3 e6 4. Bd3 Nbd7 5. b3 c5 6. O-O Bd6 7. Bb2 O-O 8. Nbd2
Qc7 9. c4 b6 10. cxd5 exd5 11. Rc1 Bb7 12. h3 Rac8 13. Bf5 Rcd8 14. Qc2 Rfe8
15. Rfd1 Ba6 16. Nf1 c4 17. N1d2 b5 18. a4 g6 19. Bxd7 Qxd7 20. axb5 Bxb5 21.
Ne5 Bxe5 22. dxe5 cxb3 23. Qc5 Nh5 24. g4 Ng7 25. Ne4 Ne6 26. Nf6+ Kh8 27. Nxd7
Nxc5 28. Nxc5 Bc4 29. Nb7 Ra8 30. Nd6 Re6 31. Nxf7+ Kg8 32. Nd6 a5 33. Nxc4
dxc4 34. Rxc4 a4 35. Ra1 Rea6 36. Ra3 Kf7 37. f4 Ke6 38. Kf2 Kd5 39. Rd4+ Kc5
40. Ke2 Kb5 41. Kd3 Rc6 42. Bc3 Rxc3+ 43. Kxc3 Rc8+ 44. Kb2 Rc2+ 45. Kb1 Rh2
46. Raxa4 Rxh3 47. Rdb4+ Kc5 48. Rxb3 h5 49. gxh5 gxh5 50. Rd4 h4 51. Rc3+ Kb5
52. e6 Rh1+ 53. Kb2 h3 54. e7 1-0

[Event "Chigorin Memorial"]
[Site "St Petersburg"]
[Date "2016.10.20"]
[Round "6.180"]
[White "Tikholiz, Sergei"]
[Black "Moshkov, Vyacheslav"]
[Result "1-0"]
[WhiteElo "1522"]
[BlackElo "1826"]
[PlyCount "105"]
[EventDate "2016.10.15"]
[EventType "swiss"]
[EventRounds "9"]
[EventCountry "RUS"]

1. Nf3 Nf6 2. c4 g6 3. Nc3 d5 4. cxd5 Nxd5 5. e4 Nxc3 6. dxc3 Qxd1+ 7. Kxd1 c5
8. Be3 b6 9. Kc2 Bg7 10. Bf4 O-O 11. Bc4 Bb7 12. Rhe1 Nc6 13. Rad1 Rad8 14. Bc7
Rxd1 15. Rxd1 e6 16. Rd7 Na5 17. Bd6 Bxe4+ 18. Bd3 Bxd3+ 19. Kxd3 Ra8 20. Ng5
Nc6 21. Nxf7 h6 22. Rc7 Nd8 23. Ne5 Bxe5 24. Bxe5 Nf7 25. Bf6 Kf8 26. Rc6 Rd8+
27. Bxd8 Ne5+ 28. Ke4 Nxc6 29. Bc7 Ke7 30. Be5 Kf7 31. g4 g5 32. c4 Nxe5 33.
Kxe5 Ke7 34. a3 a6 35. a4 a5 36. b3 Kf7 37. Kd6 Kf6 38. f3 Kf7 39. Kc6 Ke7 40.
Kxb6 Kd6 41. Kxa5 Kc6 42. Ka6 e5 43. h3 Kd6 44. Kb5 e4 45. fxe4 Ke5 46. a5 Kxe4
47. a6 Kf3 48. a7 Kg3 49. a8=Q Kxh3 50. Qh1+ Kxg4 51. Qxh6 Kf5 52. Qh2 g4 53.
Qg3 1-0

[Event "Chigorin Memorial"]
[Site "St Petersburg"]
[Date "2016.10.20"]
[Round "6.181"]
[White "Riakhovskii, Mark"]
[Black "Burdin, Daniil"]
[Result "1-0"]
[WhiteElo "1370"]
[BlackElo "1243"]
[PlyCount "151"]
[EventDate "2016.10.15"]
[EventType "swiss"]
[EventRounds "9"]
[EventCountry "RUS"]

1. c4 e6 2. g3 d5 3. Bg2 Nf6 4. Nf3 Be7 5. O-O O-O 6. b3 c5 7. Bb2 Nc6 8. cxd5
Nxd5 9. Nc3 Bf6 10. Qc2 b6 11. Nxd5 exd5 12. d4 Be7 13. Qc3 Bf6 14. Qc2 Be7 15.
dxc5 Bxc5 16. Rfd1 Be6 17. e4 Ne7 18. Ng5 h6 19. Nxe6 fxe6 20. Bd4 Rc8 21. Qb2
Bxd4 22. Qxd4 Rc5 23. Rac1 Rxc1 24. Rxc1 dxe4 25. Qxe4 Rf6 26. Re1 Qd5 27. Qxd5
Nxd5 28. Rd1 Nc3 29. Rd7 Nxa2 30. Rxa7 Nc1 31. Rb7 e5 32. Bd5+ Kh8 33. Re7 Nd3
34. Re8+ Kh7 35. Be4+ g6 36. Bxd3 Rd6 37. Be4 h5 38. Rxe5 Rf6 39. Kg2 Kh6 40.
h4 Rd6 41. Rd5 Re6 42. Bf3 Rf6 43. Rd7 g5 44. hxg5+ Kxg5 45. Rd5+ Kg6 46. Bxh5+
Kh6 47. Bf3 Re6 48. Rd3 Rf6 49. Rc3 Kg7 50. Rc6 Rf5 51. Rxb6 Rf8 52. b4 Rd8 53.
b5 Rf8 54. Rb7+ Kf6 55. b6 Ke6 56. Rc7 Kd6 57. Rc6+ Kd7 58. b7 Rb8 59. Rh6 Ke7
60. g4 Kd7 61. g5 Rf8 62. Rc6 Rg8 63. g6 Rd8 64. Rc8 Rxc8 65. bxc8=Q+ Kxc8 66.
g7 Kc7 67. g8=Q Kd6 68. Qd5+ Kc7 69. Qc6+ Kd8 70. Qb7 Ke8 71. Bc6+ Kf8 72. Qd7
Kg8 73. Qe7 Kh8 74. Be4 Kg8 75. Kh3 Kh8 76. Qh7# 1-0

[Event "Chigorin Memorial"]
[Site "St Petersburg"]
[Date "2016.10.20"]
[Round "6.182"]
[White "Lantseva, Aleksandra"]
[Black "Kirianova, Evgeniia"]
[Result "0-1"]
[WhiteElo "1359"]
[BlackElo "1219"]
[PlyCount "56"]
[EventDate "2016.10.15"]
[EventType "swiss"]
[EventRounds "9"]
[EventCountry "RUS"]

1. e4 c5 2. Nf3 Nc6 3. d4 cxd4 4. Nxd4 Nf6 5. Nc3 g6 6. Be2 Bg7 7. Be3 O-O 8.
O-O a6 9. a4 d5 10. exd5 Nxd5 11. Nxd5 Qxd5 12. Nxc6 Qxc6 13. c3 Be6 14. Bf3
Qc7 15. Qd3 Bc4 16. Qe4 Bxf1 17. Kxf1 Qxh2 18. g3 Qh3+ 19. Bg2 Qd7 20. Qxb7
Qxb7 21. Bxb7 Rab8 22. Bxa6 Rxb2 23. Bb5 Bxc3 24. Bc1 Rxb5 25. axb5 Bxa1 26.
Bf4 Bd4 27. Bc7 f6 28. b6 Be5 0-1

[Event "Chigorin Memorial"]
[Site "St Petersburg"]
[Date "2016.10.20"]
[Round "6.183"]
[White "Timofeev, Vsevolod"]
[Black "Kudin, Alexander"]
[Result "0-1"]
[WhiteElo "1301"]
[BlackElo "1313"]
[PlyCount "58"]
[EventDate "2016.10.15"]
[EventType "swiss"]
[EventRounds "9"]
[EventCountry "RUS"]

1. d4 d5 2. c4 c6 3. Nc3 Nf6 4. Nf3 e6 5. Qc2 Bb4 6. Bd2 Bxc3 7. Bxc3 O-O 8. e3
Ne4 9. Bd3 f5 10. Ne5 Nd7 11. f3 Qh4+ 12. Kf1 Ng3+ 13. Kg1 Nxh1 14. Kxh1 Nxe5
15. dxe5 dxc4 16. g3 cxd3 17. Qxd3 Qd8 18. Qc4 Qd5 19. Qe2 Qb5 20. Qd2 c5 21.
a4 Qc6 22. b4 Qxf3+ 23. Kg1 Qc6 24. b5 Qd7 25. Qc2 Qf7 26. Rf1 Qg6 27. Bb2 b6
28. Rf4 Bb7 29. a5 Rfd8 0-1